5HLuxD.jpg

KING HENRY VIII SENIOR AND PRIMARY SCHOOL LIBRARY OPAC

Midnight / (Record no. 1070)

000 -LEADER
fixed length control field 01154cam a22003132a 4500
001 - CONTROL NUMBER
control field .b14201124
003 - CONTROL NUMBER IDENTIFIER
control field OSt
005 - DATE AND TIME OF LATEST TRANSACTION
control field 20210528091142.0
005 - DATE AND TIME OF LATEST TRANSACTION
control field 20151025151657.145
008 - FIXED-LENGTH DATA ELEMENTS--GENERAL INFORMATION
fixed length control field 151025s2015 nyua j 000 1 eng d
020 ## - INTERNATIONAL STANDARD BOOK NUMBER
International Standard Book Number 0062367021
020 ## - INTERNATIONAL STANDARD BOOK NUMBER
International Standard Book Number 9780062367020
Qualifying information (pbk.) :
020 ## - INTERNATIONAL STANDARD BOOK NUMBER
International Standard Book Number 9780062367150
Qualifying information Box set
040 ## - CATALOGING SOURCE
Original cataloging agency KUAS
Language of cataloging eng
Transcribing agency DIPPER
Description conventions rda
041 0# - LANGUAGE CODE
Language code of text/sound track or separate title eng
042 ## - AUTHENTICATION CODE
Authentication code nbic
082 0# - DEWEY DECIMAL CLASSIFICATION NUMBER
Classification number FIC HUN
100 1# - MAIN ENTRY--PERSONAL NAME
Personal name Hunter, Erin.
Relator term author
245 10 - TITLE STATEMENT
Title Midnight /
Statement of responsibility, etc. Erin Hunter.
250 ## - EDITION STATEMENT
Edition statement Revised paperback edition.
260 ## - PUBLICATION, DISTRIBUTION, ETC.
Place of publication, distribution, etc. New York, NY :
Name of publisher, distributor, etc. Harper, An Imprint of HarperCollins Publishers,
Date of publication, distribution, etc. [2015]
300 ## - PHYSICAL DESCRIPTION
Extent 303, 15 pages :
Other physical details illustrations : map ;
Dimensions 20 cm.
490 1# - SERIES STATEMENT
Series statement Warriors, the new prophecy ;
Volume/sequential designation book 1.
520 ## - SUMMARY, ETC.
Summary, etc. "Brambleclaw, a warrior of ThunderClan, has received an ominous new prophecy from StarClan that speaks of a mysterious danger. Now he will need the courage of the greatest warriors to save the clans" -- Page [4] of cover.
650 #0 - SUBJECT ADDED ENTRY--TOPICAL TERM
Topical term or geographic name entry element Cats
General subdivision Juvenile fiction.
650 #0 - SUBJECT ADDED ENTRY--TOPICAL TERM
Topical term or geographic name entry element Prophecies
General subdivision Juvenile fiction.
800 1# - SERIES ADDED ENTRY--PERSONAL NAME
Personal name Hunter, Erin.
Title of a work Warriors, the new prophecy.
942 ## - ADDED ENTRY ELEMENTS (KOHA)
Source of classification or shelving scheme
Koha item type Books - Fiction
Holdings
Withdrawn status Lost status Source of classification or shelving scheme Damaged status Not for loan Collection code Permanent Location Current Location Shelving location Date acquired Total Checkouts Full call number Barcode Date last seen Date last checked out Price effective from Koha item type
          Fiction KH8 Senior School Library KH8 Senior School Library Fiction 2021-05-28 4 FIC HUN 3KHSL000101797 2025-01-27 2025-01-23 2021-05-28 Books - Fiction

Powered By KH8 IT Dept